The new Japanese peril

Guardat en:
Dades bibliogràfiques
Autor principal: Osborne, Sidney
Format: Llibre
Idioma:Undetermined
Publicat: New York The Macmillan company 1921
Matèries:
Etiquetes: Afegir etiqueta
Sense etiquetes, Sigues el primer a etiquetar aquest registre!
Thư viện lưu trữ: Trung tâm Học liệu Trường Đại học Cần Thơ
LEADER 00601nam a2200205Ia 4500
001 CTU_113964
008 210402s9999 xx 000 0 und d
082 |a 327.52 
082 |b O.81 
100 |a Osborne, Sidney 
245 4 |a The new Japanese peril 
245 0 |c Sidney Osborne 
260 |a New York 
260 |b The Macmillan company 
260 |c 1921 
650 |a Japan,Eastern question (far east),World war, 1914-1918 
650 |x Foreign relations,Territorial questions 
650 |z Shandong sheng,China 
904 |i Năm 
980 |a Trung tâm Học liệu Trường Đại học Cần Thơ